| 000 | 00452nam a2200181Ia 4500 | ||
|---|---|---|---|
| 005 | 20240823062446.0 | ||
| 008 | 240823s9999||||xx |||||||||||||| ||und|| | ||
| 041 | _aENGLISH | ||
| 082 | _A297.1 N2 | ||
| 100 | _aAbdul Mughni A M S | ||
| 245 | 4 | _aThe Way of Islam Vol I and II | |
| 250 | _a1st | ||
| 260 |
_c1992 _b"Oslamic Educational Pub,Thiruvithancode" |
||
| 500 | _aTransfered | ||
| 650 |
_aGeneral _bGeneral |
||
| 942 | _cBK | ||
| 999 |
_c235922 _d235922 |
||